| 000 | 00867nam a2200265 a 4500 | ||
|---|---|---|---|
| 001 | 43374 | ||
| 003 | BD-RjUL | ||
| 005 | 20211209053705.0 | ||
| 008 | 160621s19601947nyua a 001 0 eng d | ||
| 035 | _a(BD-RjUL) 43492 | ||
| 035 | _a(NNC)1745456 | ||
| 040 |
_aPR1 _cPR1 _dZCU _dBD-RjUL _beng |
||
| 041 | _aeng | ||
| 082 |
_223 _a385 _bBOE 1960 |
||
| 100 | 1 |
_aBonavia, Michael Robert. _9133219 |
|
| 245 | 1 | 4 |
_aThe economics of transport / _cby Michael R. Bonavia ; with an introduction by C.W. Guillebaud. |
| 250 | _aRev. | ||
| 260 |
_aCambridge : _bJames nisbet & Co. Ltd. _c19454 [Reprinted 1960] |
||
| 300 |
_axvi, 202 p. : _bill. ; _c19 cm. |
||
| 490 | 1 |
_aCambridge economic handbooks ; _v9 |
|
| 650 | 0 |
_aTransportation. _9133220 |
|
| 650 | 0 |
_aTransportation _zGreat Britain. _9132918 |
|
| 830 | 0 |
_aCambridge economic handbooks ; _v9. _9133221 |
|
| 942 |
_2ddc _cBK |
||
| 999 |
_c43374 _d43374 |
||